| 000 | 00915cam a22002775i 4500 | ||
|---|---|---|---|
| 999 |
_c28952 _d28923 |
||
| 001 | 016622048 | ||
| 003 | EG-ScBUE | ||
| 005 | 20201019141611.0 | ||
| 008 | 140123t20142014enka f b 001 0 eng d | ||
| 020 | _a9781781571422 (pbk.) | ||
| 040 |
_aStDuBDS _beng _erda _cStDuBDS _dUk _dEG-ScBUE |
||
| 082 | 0 | 4 |
_a006.7 _bCHA _222 |
| 100 | 1 |
_aChapman, Cameron, _d1984- _eauthor. |
|
| 245 | 1 | 0 |
_aColour for web design : _bapply colour confidently and create successful websites / _cCameron Chapman. |
| 264 | 1 |
_aLewes : _bIlex, _c[2014] |
|
| 264 | 4 | _cc2014 | |
| 300 |
_a144 pages : _billustrations ; _c24 cm |
||
| 336 |
_atext _btxt _2rdacontent |
||
| 337 |
_aunmediated _bn _2rdamedia |
||
| 338 |
_avolume _bnc _2rdacarrier |
||
| 504 | _aIncludes bibliographical references and index. | ||
| 650 | 7 |
_aWeb sites _xDesign. _2BUEsh |
|
| 650 | 7 |
_aColor in design. _2BUEsh |
|
| 653 |
_bCOMAME _bCOMSCI _cOctober2020 |
||
| 942 |
_2ddc _cBB |
||